|
|
|
|
| LEADER |
00000naa2a2200000 4500 |
| 001 |
184645 |
| 005 |
20231227082305.0 |
| 035 |
|
|
|a (RuTPU)RU\TPU\book\200249
|
| 090 |
|
|
|a 184645
|
| 100 |
|
|
|a 20100916d2010 k y0rusy50 ca
|
| 101 |
0 |
|
|a rus
|
| 102 |
|
|
|a RU
|
| 200 |
1 |
|
|a Проблемы и задачи по реализации магистерской подготовки в НИУ РЭТ ТПУ
|f В. М. Лисицын, Н. А. Шепотенко
|
| 463 |
|
0 |
|0 (RuTPU)RU\TPU\book\191281
|t Совершенствование содержания и технологии учебного процесса
|o сборник трудов научно-методической конференции, г. Томск, 12-13 февраля 2010 г.
|f Томский политехнический университет (ТПУ)
|v С. 17-20
|d 2010
|p 279 с.
|
| 610 |
1 |
|
|a магистры
|
| 610 |
1 |
|
|a подготовка специалистов
|
| 610 |
1 |
|
|a магистерская подготовка
|
| 610 |
1 |
|
|a высшее образование
|
| 610 |
1 |
|
|a труды учёных ТПУ
|
| 700 |
|
1 |
|a Лисицын
|b В. М.
|c физик
|c профессор Томского политехнического университета, кандидат физико-математических наук
|f 1939-
|g Виктор Михайлович
|3 (RuTPU)RU\TPU\pers\10510
|9 2237
|
| 701 |
|
1 |
|a Шепотенко
|b Н. А.
|c специалист в области ядерной энергетики, организации высшего профессионального образования
|c доцент Томского политехнического университета
|c начальник управления магистратуры, аспирантуры и докторантуры
|f 1970-
|g Наталья Анатольевна
|3 (RuTPU)RU\TPU\pers\26557
|4 070
|
| 801 |
|
1 |
|a RU
|b 63413507
|c 20100916
|
| 801 |
|
2 |
|a RU
|b 63413507
|c 20111206
|g RCR
|
| 942 |
|
|
|c BK
|